Čistiareň duší zborník prác členov Literárno-umeleckého klubu

Bibliographic Details
Other Authors: Hakala, Robert, 1958-2025 (Compiler), Krištofová, Etela (Illustrator)
Format: Book
Language:Slovak
PhysicalDescription:78 s. ilustr. 20 cm
Published: V Trebišove Zemplínska knižnica 2011
ISBN:9788097095406
Edition:[1. vyd.]
Subjects:

MARC

LEADER 00000cam a2200000 a 4500
001 vtls010329202
003 SK-MaSNL
005 20260302082350.0
008 111207s2011 xo a g 000 mdslo
015 |a SNBA2012/03-01437 
020 |a 9788097095406  |q (brož.) 
040 |a SNK  |b slo  |c SNK  |e AACR2 
041 0 |a slo 
043 |a e-xo--- 
044 |a xo  |c SK 
072 7 |a 821.162.4  |x Slovenská literatúra  |2 konspekt 
080 |a 821.162.4-3  |2 2001 
080 |a 821.162.4-1  |2 2001 
080 |a (082)  |2 2001 
080 |a 82:061  |2 2001 
080 |a (437.6)  |2 2001 
245 0 0 |a Čistiareň duší  |b zborník prác členov Literárno-umeleckého klubu  |c [zostavil: Robert Hakala, ilustrácie: Etela Krištofová] 
250 |a [1. vyd.] 
260 |a V Trebišove  |b Zemplínska knižnica  |c 2011 
300 |a 78 s.  |b ilustr.  |c 20 cm 
500 |a Biogr. údaje 
610 2 7 |a Zemplínska knižnica v Trebišove.  |b Literárno-umelecký klub  |2 SNKKA  |9 257377 
650 0 7 |a literárne kluby  |2 SNKPH  |9 29112 
650 0 7 |a Literary clubs  |2 SNKPHeng  |9 265009 
651 7 |a Trebišov (Slovensko)  |2 SNKPH  |9 26686 
651 7 |a Trebišov (Slovakia)  |2 SNKPHeng  |9 326906 
655 7 |a Slovak poetry  |2 SNKPHeng  |9 265010 
655 7 |a slovenské prózy  |2 SNKPH  |9 70229 
655 7 |a slovenská poézia  |2 SNKPH  |9 70444 
655 7 |a Slovak prose  |2 SNKPHeng  |9 278617 
655 7 |a Miscellanea  |2 SNKPHeng  |9 265155 
655 7 |a zborníky  |2 SNKPH  |9 70165 
700 1 |a Hakala, Robert,  |d 1958-2025  |4 com  |9 190046 
700 1 |a Krištofová, Etela  |4 ill  |9 426250 
852 |a Slovenská národná knižnica 
919 |a 978-80-970954-0-6 
954 |a beletria pôvodná (slovenská)  |2 lita 
958 |a LX 
999 |c 1179813  |d 1181743 
952 |a SNK  |b SNK  |y PREZ  |7 0  |p 17A0834984  |o snkSD 80685  |i snk2012/1309  |8 0  |0 0  |1 0  |4 0  |d 2012-01-18  |l 0  |r 2025-12-01 00:00:00  |w 2026-02-24